5. A Plot With Dragons - A Song of Ice and Fire chapters - Statistics

General Stats
  • This quiz has been taken 8 times
  • The average score is 20 of 73
Answer Stats
# Chapter Hint Answer % Correct
0 Prologue - Varamyr Varamyr remembers his tuition in the ways of skinchanging, being taught by Haggon that the worst abomination was to skinchange into what? Another human
100%
1 Tyrion I Which city does Tyrion find himself in after leaving his barrel? Pentos
100%
2 Daenerys I What type of business was Stalwart Shield visiting when he was murdered? Brothel
86%
4 Bran I Who kills mutineers from the Night's Watch, whose bodies are discovered by Bran skinchanging into Summer? Coldhands
86%
18 Tyrion V Who does Tyrion reveal is the "true" identity of the boy previously referred to as Young Griff? Aegon (VI) Targaryen
71%
13 Bran II What does Bloodraven promise Bran will learn to do after telling him he can't mend Bran's legs? Fly
71%
20 Theon II After relieving the siege at Moat Cailin, who does Theon see being made to pose as Arya Stark? Jeyne Poole
71%
12 Theon I What name does Theon now know himself by as a result of his psychological torture at the hands of Ramsay? Reek
71%
17 Jon IV Which castle does Jon advise Stannis to liberate from the Ironborn in order to win Northern loyalty to his cause? Deepwood Motte
57%
6 Quentyn I Name one of Quentyn's two companions on his secret mission from Dorne Gerris Drinkwater / Archibald Yronwood
57%
3 Jon I Which character does Melisandre quote in an effort to impress Jon? Ygritte
57%
38 Areo I Which knight of the Kingsguard arrives in Dorne, ostensibly bearing the skull of Gregor Clegane? Balon Swann
43%
43 Daenerys VII When Quentyn Martell reveals his true identity, Dany laughs at him because his mercenary nickname was what? Frog
43%
23 Daenerys IV What is Galazza Galare's title as the high priestess of Ghiscari religion? Green Grace
43%
24 Jon C. I Which disease did Jon Connington contract while saving Tyrion from the Stone Men? Greyscale
43%
30 Daenerys V Who does Dany decide she must marry in order to bring peace to Meereen? Hizdahr zo Loraq
43%
5 Tyrion II In whose litter does Tyrion spend this chapter as he travels towards the Rhoyne? Illyrio Mopatis
43%
27 Tyrion VII At whose wedding did Penny and her late brother perform as jousting dwarves? Joffrey Baratheon
43%
21 Jon V Which village does Jon travel to as he attempts to recruit wildlings settled there to the Night's Watch? Mole's Town
43%
33 Tyrion VIII What is the name of the red priest on board the Selaesori Qhoran? Moqorro
43%
40 Tyrion IX As their ship is becalmed in the Gulf of Grief, what does Tyrion ride to help boost the crew's morale? (Pretty) Pig
43%
31 Melisandre I Melisandre reveals she has been hiding Mance Rayder by way of a glamour, disguised as who? Rattleshirt
43%
29 Davos IV Which island location is presumably identified by Wex as where Rickon Stark is currently in hiding? Skagos
43%
9 Davos I On which island has Davos been arrested by its lord Godric Borrell? Sweetsister
43%
25 Quentyn II Which sellsword company has Quentyn and his companions joined? The Windblown
43%
35 Jon VII What is the name of the giant Jon discovers as he takes his new recruits north of the Wall to say their vows? Wun Weg Wun Dar Wun
43%
28 Jon VI Which Black Brother believes he is being handed a death sentence when Jon sends him on a ranging beyond the Wall? Alisser Thorne
29%
32 Theon III In which settlement is Theon introduced to Lady Barbrey Dustin? Barrowton
29%
36 Daenerys VI What disease are thousands suffering outside of Meereen's walls which Dany believes herself to be immune from? Bloody flux
29%
14 Tyrion IV Who does Tyrion beat at cyvasse to capitalise on a wager for information? Haldon Halfmaester
29%
8 Tyrion III Worried that Yollo is insufficient as a pseudonym, what alias does Tyrion give himself? Hugor Hill
29%
37 Theon IV Name one of the three missing Freys that fans suspect were baked into pies served by Wyman Manderley at the wedding feast in Winterfell. Jared / Rhaegar / Symond
29%
34 Bran III Who might be the main ingredient of the "weirwood paste" Bran is fed to help awaken his greensight? Jojen Reed
29%
49 Jon X In order to prevent her uncle forcibly marrying her to claim her lands, Alys Karstark instead marries the wildling, Sigorn, who has recently inherited what quasi-noble title? Magnar of Thenn
29%
11 Daenerys II Who does Dany receive magical communication from while having a bath? Quaithe
29%
51 Theon VII Under what pseudonym has Mance Rayder infiltrated Winterfell along with six spearwives in order to rescue who they believe to be Arya Stark? Abel (the Bard)
14%
45 Arya I Through what animal's eyes does Arya observe her surroundings, in turn impressing the Kindly Man enough to restore her own eyesight? Cat
14%
72 Epilogue - Kevan Hoping suspicion will fall upon Tyrion, what weapon does Varys use to assassinate Kevan Lannister? Crossbow
14%
69 Jon XIII What three-word refrain do Jon's assassins utter as they attack him? For the Watch!
14%
56 Victarion I Which of Victarion's body parts, injured in an earlier battle, has become infected and is resisting the maester's attempts at treatment? Hand (left)
14%
58 Jon XII From where does Cotter Pyke wish to be rescued when he sends a raven whose message bears the ominous phrases, "Dead things in the water [...] dead things in the woods"? Hardhome
14%
42 Asha II Which knight in Stannis's army takes an unrequited shine to Asha as they march from Deepwood Motte to Winterfell? Justin Massey
14%
55 Barristan I When he is dismissed from King Hizdahr's court, Barristan notes all of Dany's retainers have now been removed from power with the sole exception of which 11-year-old girl? Missandei of Naath
14%
41 Theon V While Theon shows Barbrey Dustin the Winterfell Crypts, what does she say she will not allow to pass any further north than Barrowton? Ned Stark's bones
14%
26 Asha I Who is Asha's lover; a man she regrets she cannot marry due to his humble birth? Qarl the Maid
14%
68 Quentyn IV Which of Dany's dragons sets Quentyn on fire? Rhaegal
14%
65 Cersei II As Cersei collapses into the Red Keep following her walk of atonement, Qyburn presents the newest member of the Kingsguard who goes by what name? Robert Strong
14%
7 Jon II Which character's POV covered the same events in A Feast For Crows? Samwell Tarly
14%
66 Tyrion XII Having escaped slavery during the chaos rendered by the plague, Tyrion secures his and his companions' freedom with substantial payments to which sellsword company? Second Sons
14%
53 Jon XI Val warns Jon that Greyscale only ever goes dormant, eventually becoming infectious again when she is alarmed by the sight of the tell-tale disfigurement of which character's face? Shireen Baratheon
14%
19 Davos III What is the name of the Manderleys' great hall in which Davos makes his case of Stannis's cause to Lord Wyman? The Merman's Court
14%
39 Jon VIII Jon sends Val as an envoy offering peace terms to which wildling leader? Tormund Giantsbane
14%
16 Daenerys III What item does Xaro send to Dany that symbolises Qarth's declaration of war against her? A (bloody) glove
0%
67 Barristan III As he reflects on the dire consequences of various incidents at the Tourney of Harrenhal, Barristan wishes he had won the tournament so he could instead name who as Queen of Love and Beauty? Ashara Dayne
0%
62 Asha III Having performed a leap of faith from Winterfell's walls and landing in a snowdrift, Theon and "Arya" were rescued by Mors "Crowfood" Umber who had positioned himself outside the castle doing what? Banging drums
0%
46 Theon VI Whose face does Theon believe he can see in the Winterfell Heart Tree? Bran Stark
0%
47 Tyrion X Who recognises and unsuccessfully attempts to purchase Tyrion at the slave auction outside Meereen? Brown Ben Plumm
0%
64 Arya II Arya performs her first assassination sanctioned by the Faceless Men, poisoning a ship insurer using what object? Coin
0%
70 Barristan IV Yunkai declares war on Barristan's Meereen and sets up trebuchets launching what into the city? Corpses
0%
63 Victarion II Now accompanied by a Red Priest who can read Valyrian, Victarion learns that the inscription on the horn gifted to him by Euron, identifies it by what name? Dragonbinder
0%
59 Barristan II The Wise Masters of Yunkai reveal they have executed one of their hostages as retribution for the death of a Yunkish commander in the Fighting Pits, when he was trampled by whom? Drogon
0%
52 Daenerys IX Strong Belwas collapses in agony after eating a potentially poisoned bowl of what Meereenese snack? Fried locusts
0%
61 Jon C. II What is the name of House Connington's castle, easily retaken by the exiled Jon on his return to Westeros? Griffin's Roost
0%
10 Jon III What does Maester Aemon note is wrong with the sword Stannis and Melisandre claim is Lightbringer? It produces no heat
0%
71 Daenerys X Which former officer of Drogo's khalasar, having since named himself Khal of his own khalasar, discovers Dany and Drogon in the middle of the Dothraki Sea? Jhaqo
0%
15 Davos II What is the name of the tavern in White Harbour where Davos listens to gossip to determine the Manderleys' allegiances? Lazy Eel
0%
54 Cersei I Name on of the three septas who act as Cersei's gaolers while she remains imprisoned by the Faith Militant? Moelle / Scolera / Unella
0%
57 Tyrion XI Nurse, the slave overseer, dies after consuming a soup Tyrion made him that included which poisonous foodstuff Tyrion had earlier considered using to take his own life? Mushrooms
0%
48 Jaime I In which village is Jaime camped when Brienne appears and claims Sandor Clegane is holding Sansa Stark hostage? Pennytree
0%
50 Daenerys VIII Which sellsword, imprisoned after Quentyn revealed her uncertain loyalty, does Dany release in order to begin persuading the company to switch sides? Pretty Meris
0%
22 Tyrion VI Which town does Tyrion venture into only to be abducted by Jorah Mormont? Selhorys
0%
60 Quentyn III Who is the leader of the sellsword company that Quentyn earlier betrayed but now negotiates with for assistance in releasing the two dragons locked inside one of Meereen's pyramids? Tattered Prince
0%
44 Jon IX What is the name of the Braavosi banker with whom Jon negotiates a loan to bolster the Night's Watch's food supplies? Tycho Nestoris
0%
No matching quizzes found
Score Distribution
Percent of People with Each Score
Percentile by Number Answered
Your Score History
You have not taken this quiz